000 00327nam a2200133 i 4500
001 bg
100 1 _aRUMJANCEV, S. B.
245 0 _aSpravočnik rentgeno- i gamma-defektoskopista /
_cS.B. Rumjancev.
260 _aMoskva,
_c1969.
040 _cBPK
041 _apol
942 _cKS
008 s pl f |000 0 pol
999 _c12301
_d12301
856 _uhttp://koha.tu.koszalin.pl/cgi-bin/koha/opac-detail.pl?biblionumber=12301
_yKatalog online BPK